[Event "Scarborough CC Falling Leaves U1700"]
[Site "Toronto CAN"]
[Date "2010.10.28"]
[Round "1"]
[White "Smith, Maurice"]
[Black "Liu, Peter"]
[Result "1-0"]
[WhiteElo "1563"]
[BlackElo "1253"]
[PlyCount "129"]
[EventDate "2010.10.28"]
[EventType "swiss"]
[EventRounds "7"]
[EventCountry "CAN"]

1. d4 Nf6 2. c4 d6 3. Nc3 g6 4. e4 Bg7 5. Nf3 c5 6. dxc5 dxc5 7. Qxd8+ Kxd8 8.
Ne5 Be6 9. Nf3 Nc6 10. Be3 b6 11. O-O-O+ Ke8 12. Be2 Na5 13. Nd5 Bxd5 14. exd5
Ne4 15. Bd3 Nd6 16. b3 a6 17. Rhe1 Rc8 18. Bf4 Nf5 19. Bxf5 gxf5 20. d6 Rd8 21.
Rxe7+ Kf8 22. Rde1 Nc6 23. R7e2 Nb4 24. Rd1 b5 25. a3 Nc6 26. Rde1 Na5 27. Kc2
Nc6 28. d7 f6 29. Bd6+ Kf7 30. Bxc5 Rxd7 31. Rd2 Rxd2+ 32. Nxd2 bxc4 33. Nxc4
Rc8 34. Nd6+ Kg6 35. Nxc8 Bh6 36. Ne7+ Nxe7 37. Bxe7 Bf4 38. g3 Bc7 39. Re6 Be5
40. Rxa6 Kf7 41. Ra7 Kg6 42. f4 Bd4 43. Ra6 Kf7 44. Bd6 Bg1 45. a4 Bxh2 46.
Ra7+ Ke6 47. Rxh7 Bxg3 48. Bb8 Bf2 49. a5 Kd5 50. a6 Ke4 51. a7 Bxa7 52. Rxa7
Kf3 53. b4 Ke4 54. Rd7 Ke3 55. b5 Ke4 56. b6 Ke3 57. b7 Ke4 58. Bc7 Ke3 59.
b8=Q Kf3 60. Qb4 Kg4 61. Rg7+ Kf3 62. Qd4 Ke2 63. Qd3+ Ke1 64. Qe3+ Kf1 65.
Rg1# 1-0

[Event "Scarborough CC Falling Leaves U1700"]
[Site "Toronto CAN"]
[Date "2010.10.28"]
[Round "1"]
[White "Xiao, Jerry"]
[Black "Aghamalian, Leonid"]
[Result "0-1"]
[WhiteElo "888"]
[BlackElo "1414"]
[PlyCount "48"]
[EventDate "2010.10.28"]
[EventType "swiss"]
[EventRounds "7"]
[EventCountry "CAN"]

1. e4 e5 2. b4 Bxb4 3. c3 Be7 4. f3 Nc6 5. Nh3 Nf6 6. Ng5 O-O 7. Bd3 h6 8. Nh3
Bc5 9. f4 d6 10. fxe5 dxe5 11. Qe2 Bg4 12. Qf1 Qd7 13. Nf2 Bxf2+ 14. Kxf2 Rad8
15. Ke1 Qxd3 16. Ba3 Qxe4+ 17. Kf2 Rfe8 18. d3 Rxd3 19. Qe1 Qf4+ 20. Kg1 Rd1
21. Nd2 Rxe1+ 22. Rxe1 Qxd2 23. Kf1 Ne4 24. h3 Qf2# 0-1

[Event "Scarborough CC Falling Leaves U1700"]
[Site "Toronto CAN"]
[Date "2010.11.04"]
[Round "2"]
[White "Aghamalian, Derick"]
[Black "Yie, Kevin"]
[Result "1-0"]
[WhiteElo "1464"]
[BlackElo "1263"]
[PlyCount "97"]
[EventDate "2010.10.28"]
[EventType "swiss"]
[EventRounds "7"]
[EventCountry "CAN"]

1. e4 e5 2. Nf3 Nc6 3. Bc4 Nf6 4. Ng5 d5 5. exd5 Na5 6. Bb5+ c6 7. dxc6 bxc6 8.
Be2 h6 9. Nf3 e4 10. Ne5 Bd6 11. d4 exd3 12. Nxd3 O-O 13. Nc3 Bb7 14. O-O Qc7
15. g3 c5 16. Bf3 Bxf3 17. Qxf3 c4 18. Nf4 Rfe8 19. Be3 Rab8 20. Rab1 Qb7 21.
Qxb7 Rxb7 22. Rfd1 Ne4 23. Nxe4 Bxf4 24. Nc5 Rxe3 25. Nxb7 Nxb7 26. fxe3 Bxe3+
27. Kg2 f5 28. Rf1 Nc5 29. Rxf5 Ne4 30. Re5 Nd2 31. Rd1 Bd4 32. Rd5 Be3 33.
R1xd2 Bxd2 34. Rxd2 Kh7 35. Rd4 h5 36. Rxc4 Kh6 37. Rf4 g6 38. c4 g5 39. Rf1 h4
40. gxh4 gxh4 41. c5 h3+ 42. Kxh3 a5 43. c6 a4 44. c7 a3 45. bxa3 Kh5 46. Rg1
Kh6 47. c8=Q Kh7 48. Qg8+ Kh6 49. Qh8# 1-0

[Event "Scarborough CC Falling Leaves U1700"]
[Site "Toronto CAN"]
[Date "2010.11.04"]
[Round "2"]
[White "Aghamalian, Leonid"]
[Black "Philip, Andrew"]
[Result "1/2-1/2"]
[WhiteElo "1414"]
[BlackElo "1593"]
[PlyCount "76"]
[EventDate "2010.10.28"]
[EventType "swiss"]
[EventRounds "7"]
[EventCountry "CAN"]

1. e4 d5 2. exd5 Qxd5 3. Nc3 Qd6 4. d4 Nf6 5. Nf3 c6 6. Be2 Bg4 7. Be3 e6 8.
Qd2 Qc7 9. O-O Nbd7 10. Bf4 Bd6 11. Bxd6 Qxd6 12. Rfd1 O-O 13. Qe3 Bxf3 14.
Bxf3 Nb6 15. Ne4 Nxe4 16. Bxe4 Nd5 17. Bxd5 cxd5 18. Qb3 Qc6 19. Rd3 Rfc8 20.
c3 b5 21. Qc2 Rc7 22. Rh3 g6 23. Rg3 Rac8 24. h4 Qe8 25. h5 Rc4 26. Re1 Rxd4
27. Qe2 Re4 28. Qd2 Rxe1+ 29. Qxe1 e5 30. Re3 e4 31. f3 f5 32. Qd2 Qf7 33. hxg6
hxg6 34. f4 Rd8 35. Qd4 Qg7 36. Qc5 Qe7 37. Qd4 Qg7 38. Qc5 Qe7 1/2-1/2

[Event "Scarborough CC Falling Leaves U1700"]
[Site "Toronto CAN"]
[Date "2010.11.04"]
[Round "2"]
[White "Gandhi, Vishwa"]
[Black "Graham, John"]
[Result "0-1"]
[WhiteElo "962"]
[BlackElo "1485"]
[PlyCount "80"]
[EventDate "2010.10.28"]
[EventType "swiss"]
[EventRounds "7"]
[EventCountry "CAN"]

1. d4 e6 2. Nc3 Nf6 3. Nf3 d5 4. Bf4 Bd6 5. e3 Bxf4 6. exf4 a6 7. Ng5 h6 8. Nh3
Nc6 9. Bd3 Nxd4 10. O-O Bd7 11. a4 c5 12. Re1 O-O 13. g4 c4 14. g5 cxd3 15.
gxf6 Qxf6 16. Qxd3 Rac8 17. Rad1 Nf5 18. Re5 Bc6 19. Ne2 Rfd8 20. Ng3 Nh4 21.
Nh5 Qg6+ 22. Qxg6 fxg6 23. Ng3 Nf3+ 24. Kg2 Nxe5 25. fxe5 Bxa4 26. Nf4 Kf7 27.
Rd3 Bxc2 28. Rf3 Be4 29. Nxe4 dxe4 30. Re3 g5 31. Nh5 Kg6 32. Rh3 Rd3 33. Rh4
gxh4 34. Nf4+ Kf7 35. Nxd3 exd3 36. Kf1 Rc1+ 37. Kg2 d2 38. Kh3 d1=Q 39. Kxh4
Qf3 40. h3 Rc4# 0-1

[Event "Scarborough CC Falling Leaves U1700"]
[Site "Toronto CAN"]
[Date "2010.11.04"]
[Round "2"]
[White "Karpik, Steve"]
[Black "Termeer, Ted"]
[Result "1/2-1/2"]
[WhiteElo "1595"]
[BlackElo "1460"]
[PlyCount "87"]
[EventDate "2010.10.28"]
[EventType "swiss"]
[EventRounds "7"]
[EventCountry "CAN"]

1. Nf3 d5 2. c4 e6 3. g3 Bc5 4. Bg2 c6 5. cxd5 exd5 6. d4 Bd6 7. O-O h6 8. a3
Be6 9. b4 Nd7 10. Nc3 Nb6 11. Na4 Nxa4 12. Qxa4 Qb6 13. Bb2 Nf6 14. Nd2 O-O 15.
Nb3 Qc7 16. Nc5 Bxc5 17. bxc5 Ne4 18. Rfd1 Ng5 19. Bc1 Nh3+ 20. Kf1 Ng5 21.
Bxg5 hxg5 22. Qb3 f5 23. Qe3 Qe7 24. Kg1 Rae8 25. Qd3 Bc8 26. e3 Qf6 27. f4
gxf4 28. exf4 g6 29. Re1 Re7 30. Kf1 Rfe8 31. Bf3 Qh8 32. Qd2 Rxe1+ 33. Rxe1
Kf7 34. Rxe8 Qxe8 35. Qe2 Qxe2+ 36. Kxe2 b5 37. Kd3 a5 38. Kc3 Ke6 39. h4 Kf6
40. Be2 Bd7 41. Kb3 Kg7 42. Kc3 Kh6 43. Kb3 Kg7 44. Kc3 1/2-1/2

[Event "Scarborough CC Falling Leaves U1700"]
[Site "Toronto CAN"]
[Date "2010.11.04"]
[Round "2"]
[White "Moffat, Anthony"]
[Black "Roy, Harrison"]
[Result "1-0"]
[WhiteElo "1308"]
[BlackElo "954"]
[PlyCount "57"]
[EventDate "2010.10.28"]
[EventType "swiss"]
[EventRounds "7"]
[EventCountry "CAN"]

1. e4 e5 2. Nf3 Nf6 3. Nc3 Bb4 4. Bc4 Bxc3 5. bxc3 Nxe4 6. O-O d6 7. d4 Bg4 8.
h3 Bh5 9. Ba3 Bxf3 10. Qxf3 d5 11. Rfe1 Nd7 12. Rxe4 dxc4 13. dxe5 c5 14. Rxc4
Nxe5 15. Qe4 Qe7 16. Rxc5 O-O 17. Qxe5 Qxe5 18. Rxe5 Rfe8 19. Rd5 Rac8 20. Rad1
h6 21. Rd7 Rxc3 22. R1d3 Rxc2 23. Rxb7 Re1+ 24. Kh2 Rxa2 25. Rd8+ Kh7 26. Bc5
Rea1 27. Rxf7 a5 28. Bd4 Rd2 29. Rxg7# 1-0

[Event "Scarborough CC Falling Leaves U1700"]
[Site "Toronto CAN"]
[Date "2010.11.04"]
[Round "2"]
[White "Moraitis, Isaac"]
[Black "Dattani, Dinesh"]
[Result "1-0"]
[WhiteElo "1282"]
[BlackElo "1464"]
[PlyCount "51"]
[EventDate "2010.10.28"]
[EventType "swiss"]
[EventRounds "7"]
[EventCountry "CAN"]

1. d4 d5 2. e3 c6 3. c4 Nf6 4. Bd3 dxc4 5. Bxc4 e6 6. Nf3 Bd6 7. Nc3 O-O 8. e4
Bb4 9. Bg5 Qa5 10. O-O Nbd7 11. e5 Nd5 12. Nxd5 exd5 13. Bd3 Re8 14. Nh4 Be7
15. f4 Nf8 16. Nf5 Bxg5 17. fxg5 Bxf5 18. Bxf5 Qd8 19. h4 h6 20. gxh6 Qxh4 21.
hxg7 Ne6 22. Bxe6 Rxe6 23. Qf3 Re7 24. Rad1 Kxg7 25. Qf6+ Qxf6 26. exf6+ 1-0

[Event "Scarborough CC Falling Leaves U1700"]
[Site "Toronto CAN"]
[Date "2010.11.04"]
[Round "2"]
[White "Patel, Saiyam"]
[Black "Liang, Phillip"]
[Result "0-1"]
[WhiteElo "953"]
[BlackElo "1103"]
[PlyCount "38"]
[EventDate "2010.10.28"]
[EventType "swiss"]
[EventRounds "7"]
[EventCountry "CAN"]

1. e3 e5 2. Bc4 d5 3. Bb3 Nf6 4. Ba4+ c6 5. d3 Bf5 6. e4 dxe4 7. g4 Bxg4 8. Qd2
h6 9. b3 Qd4 10. Nc3 exd3 11. Nge2 dxe2 12. Qxd4 exd4 13. Nb1 Bb4+ 14. c3 dxc3
15. Ba3 Bxa3 16. Nxa3 O-O 17. h3 Rd8 18. hxg4 Nxg4 19. Rd1 exd1=Q# 0-1

[Event "Scarborough CC Falling Leaves U1700"]
[Site "Toronto CAN"]
[Date "2010.11.04"]
[Round "2"]
[White "Roy, Lawrence"]
[Black "Lin, Benjamin"]
[Result "1/2-1/2"]
[WhiteElo "874"]
[BlackElo "1085"]
[PlyCount "82"]
[EventDate "2010.10.28"]
[EventType "swiss"]
[EventRounds "7"]
[EventCountry "CAN"]

1. e4 c5 2. Nf3 Nc6 3. d4 cxd4 4. Nxd4 Nf6 5. Nc3 e5 6. Nxc6 bxc6 7. Be2 Bb4 8.
Bd2 Bxc3 9. Bxc3 d6 10. Bf3 O-O 11. O-O Be6 12. Qd2 Qd7 13. Rad1 Rad8 14. Rfe1
Bxa2 15. Ra1 Be6 16. h3 Rfe8 17. Qe3 Ra8 18. Red1 Red8 19. Bxe5 d5 20. Bxf6
gxf6 21. exd5 cxd5 22. c4 Qc6 23. cxd5 Bxd5 24. Rxa7 Rxa7 25. Qxa7 Qc2 26. Rxd5
Rxd5 27. Bxd5 Qd1+ 28. Kh2 Qxd5 29. f3 Qe5+ 30. Kh1 Qxb2 31. g4 Qc1+ 32. Qg1
Qxg1+ 33. Kxg1 Kg7 34. Kg2 Kg6 35. Kg3 Kg5 36. h4+ Kg6 37. Kf4 h5 38. gxh5+
Kxh5 39. Kf5 Kxh4 40. Kxf6 Kg3 41. Kxf7 Kxf3 1/2-1/2

[Event "Scarborough CC Falling Leaves U1700"]
[Site "Toronto CAN"]
[Date "2010.11.04"]
[Round "2"]
[White "Spiliotopoulos, Yakos"]
[Black "Teram, Eli"]
[Result "1-0"]
[WhiteElo "1467"]
[BlackElo "1311"]
[PlyCount "51"]
[EventDate "2010.10.28"]
[EventType "swiss"]
[EventRounds "7"]
[EventCountry "CAN"]

1. e4 e5 2. Nf3 Nc6 3. Be2 Bc5 4. O-O Nf6 5. d3 h6 6. a3 d6 7. Nc3 O-O 8. Na4
Bd4 9. c3 Bc5 10. d4 exd4 11. cxd4 Bb6 12. Nxb6 axb6 13. Qc2 Re8 14. d5 Nb8 15.
Nd2 c6 16. Bc4 b5 17. Ba2 Qb6 18. Qd3 Nbd7 19. dxc6 bxc6 20. Qxd6 Nxe4 21. Nxe4
Rxe4 22. Be3 Qb7 23. Qg6 Ne5 24. Qxe4 Qc7 25. Bf4 Ra4 26. Qxe5 1-0

[Event "Scarborough CC Falling Leaves U1700"]
[Site "Toronto CAN"]
[Date "2010.11.04"]
[Round "2"]
[White "Stroempl, Hedi"]
[Black "Rodriguez, Sergio"]
[Result "1-0"]
[WhiteElo "1040"]
[BlackElo "847"]
[PlyCount "97"]
[EventDate "2010.10.28"]
[EventType "swiss"]
[EventRounds "7"]
[EventCountry "CAN"]

1. c4 e5 2. e4 Bc5 3. Nf3 Nc6 4. Nc3 Nf6 5. h3 Nd4 6. Be2 c6 7. a3 d5 8. cxd5
cxd5 9. d3 Nxf3+ 10. Bxf3 d4 11. Na4 Bd7 12. Nxc5 Qa5+ 13. b4 Qc7 14. Nxd7 Qxd7
15. O-O Rc8 16. Bg5 Rc6 17. b5 Rb6 18. a4 h6 19. Bxf6 Rxf6 20. Qb3 h5 21. Rac1
h4 22. Rc4 O-O 23. Rfc1 Rg6 24. Bg4 Qe7 25. Rc7 Qg5 26. f3 Qe3+ 27. Kf1 Qf4 28.
Re1 a6 29. Rxb7 axb5 30. axb5 Rg5 31. Rc7 Qd2 32. b6 Qa5 33. Ra7 Qc5 34. Rea1
Kh7 35. b7 Qd6 36. Ra8 Rxa8 37. bxa8=Q Qf6 38. Ra7 Qf4 39. Qd1 Qh2 40. Qe2 Qg3
41. Qf2 Qf4 42. Qxh4+ Kg6 43. Ra6+ Qf6 44. Rxf6+ Kxf6 45. Qa6+ Ke7 46. Qxg5+ f6
47. Qxg7+ Kd8 48. Qgxf6+ Ke8 49. Qa8# 1-0

[Event "Scarborough CC Falling Leaves U1700"]
[Site "Toronto CAN"]
[Date "2010.11.04"]
[Round "2"]
[White "Thanabalachandran, Kajan"]
[Black "Thanabalachandran, Luxiga"]
[Result "1-0"]
[WhiteElo "1565"]
[BlackElo "679"]
[PlyCount "53"]
[EventDate "2010.10.28"]
[EventType "swiss"]
[EventRounds "7"]
[EventCountry "CAN"]

1. e4 e5 2. Nf3 Nc6 3. Bb5 a6 4. Ba4 b5 5. Bb3 Nf6 6. O-O Bc5 7. Re1 d6 8. h3
Qe7 9. c3 Be6 10. Bc2 Rd8 11. d4 exd4 12. cxd4 Bb6 13. d5 Nb4 14. dxe6 Qxe6 15.
Bb3 Qd7 16. Nc3 Qc6 17. a4 bxa4 18. Bxa4 Qd7 19. Bxd7+ Rxd7 20. Nd5 Nfxd5 21.
exd5+ Kf8 22. Qa4 Rd8 23. Qxb4 Re8 24. Bf4 Rxe1+ 25. Rxe1 g6 26. Bh6+ Kg8 27.
Re8# 1-0

[Event "Scarborough CC Falling Leaves U1700"]
[Site "Toronto CAN"]
[Date "2010.10.28"]
[Round "2"]
[White "Thanabalachandran, Luxiga"]
[Black "Thanigasalam, Balamurali"]
[Result "1/2-1/2"]
[WhiteElo "679"]
[BlackElo "998"]
[PlyCount "126"]
[EventDate "2010.10.28"]
[EventType "swiss"]
[EventRounds "7"]
[EventCountry "CAN"]

1. e4 b6 2. Nf3 Bb7 3. Nc3 g6 4. Bc4 Bg7 5. O-O Bxc3 6. dxc3 Bxe4 7. Re1 Bc6 8.
Qe2 e6 9. Bg5 f6 10. Bh4 g5 11. Bg3 h6 12. h3 Qe7 13. Bxc7 h5 14. Bh2 Nh6 15.
Rad1 O-O 16. Bd6 Qf7 17. Bxf8 Kxf8 18. Bd3 e5 19. Be4 d5 20. Bd3 e4 21. Nd2
exd3 22. cxd3 Nd7 23. c4 Nf5 24. Nb3 Ne5 25. f3 Re8 26. Qd2 d4 27. Qb4+ Qe7 28.
Qxe7+ Kxe7 29. c5 Ne3 30. Rd2 bxc5 31. Nxc5 Bb5 32. Nb3 Nxd3 33. Rb1 Rd8 34.
Nc1 Nxc1 35. Rxc1 Kf8 36. Rc5 Bf1 37. Rf2 Bxg2 38. Rxg2 Nxg2 39. Kxg2 d3 40.
Rc1 Ke7 41. Rd1 Ke6 42. Kf2 Ke5 43. Ke3 d2 44. Rxd2 Rxd2 45. Kxd2 Kf4 46. Ke2
Kg3 47. b4 Kxh3 48. a4 g4 49. fxg4 hxg4 50. b5 Kh2 51. a5 g3 52. b6 axb6 53.
axb6 g2 54. b7 g1=Q 55. b8=Q+ Qg3 56. Qxg3+ Kxg3 57. Ke3 Kg4 58. Ke4 f5+ 59.
Ke3 Kg3 60. Ke2 f4 61. Kf1 f3 62. Kg1 f2+ 63. Kf1 Kf3 1/2-1/2

[Event "Scarborough CC Falling Leaves U1700"]
[Site "Toronto CAN"]
[Date "2010.11.04"]
[Round "2"]
[White "Thanigasalam, Balamurali"]
[Black "Zhao, Yue Tong (Davy)"]
[Result "1-0"]
[WhiteElo "998"]
[BlackElo "1440"]
[PlyCount "63"]
[EventDate "2010.10.28"]
[EventType "swiss"]
[EventRounds "7"]
[EventCountry "CAN"]

1. b3 d5 2. d4 Nc6 3. e3 a6 4. a3 g6 5. g3 Bg7 6. Bb2 e6 7. Bg2 Nge7 8. Nf3 O-O
9. O-O Bd7 10. a4 Re8 11. a5 Nc8 12. Ne5 Nxe5 13. dxe5 Bb5 14. Re1 Na7 15. f4
Rc8 16. b4 Qe7 17. Ba3 f6 18. exf6 Bxf6 19. c3 Qg7 20. Qc1 c6 21. Ra2 c5 22.
bxc5 Be7 23. Bh3 Kf7 24. e4 Bxc5+ 25. Bxc5 Rxc5 26. Qe3 Rec8 27. exd5 exd5 28.
Bxc8 Nc6 29. Qxc5 Qf8 30. Qxf8+ Kxf8 31. Bxb7 Bc4 32. Rd2 1-0

[Event "Scarborough CC Falling Leaves U1700"]
[Site "Toronto CAN"]
[Date "2010.11.04"]
[Round "2"]
[White "Veecock, Carl"]
[Black "Smith, Maurice"]
[Result "0-1"]
[WhiteElo "1397"]
[BlackElo "1563"]
[PlyCount "147"]
[EventDate "2010.10.28"]
[EventType "swiss"]
[EventRounds "7"]
[EventCountry "CAN"]

1. Nf3 d5 2. g3 Nf6 3. Bg2 g6 4. O-O Bg7 5. d3 O-O 6. Re1 Nc6 7. c3 e5 8. Bg5
h6 9. Bxf6 Bxf6 10. Na3 Be6 11. Nc2 Qd7 12. Kh1 Rad8 13. Rg1 Ne7 14. d4 e4 15.
Ne5 Qd6 16. f4 exf3 17. Nxf3 Nf5 18. Qd2 Kh7 19. Qf4 c6 20. Qxd6 Nxd6 21. Rgf1
Rde8 22. Rae1 Bg7 23. Nd2 Bf5 24. Nb4 Re7 25. Bf3 Rfe8 26. g4 Bd7 27. e4 dxe4
28. Nxe4 Nxe4 29. Rxe4 Rxe4 30. Bxe4 Rxe4 31. Rxf7 Bxg4 32. Rxb7 Bh3 33. Kg1
Rg4+ 34. Kf2 Rg2+ 35. Ke3 Rxb2 36. Rxa7 Be6 37. a4 Rb1 38. Nxc6 Bc4 39. Nb4
Re1+ 40. Kd2 Re2+ 41. Kc1 g5 42. a5 Kg6 43. Rc7 Bb3 44. a6 Re8 45. a7 Ra8 46.
Nd3 Bf8 47. Ne5+ Kh5 48. Nd7 Ba3+ 49. Kd2 Bd6 50. Nf6+ Kg6 51. Rd7 Bf4+ 52. Kd3
Kxf6 53. c4 Ke6 54. Rh7 g4 55. d5+ Kd6 56. Kc3 Bd1 57. Rf7 Be5+ 58. Kb4 Bd4 59.
Rh7 Rxa7 60. Rxh6+ Ke5 61. Re6+ Kf5 62. c5 Ra4+ 63. Kb5 Ra8 64. Rb6 Be2+ 65.
Kc6 Bf3 66. Rb7 Rc8+ 67. Rc7 Rxc7+ 68. Kxc7 Bxd5 69. c6 Bxc6 70. Kxc6 Bg1 71.
Kd5 Bxh2 72. Kd4 g3 73. Ke3 g2 74. Kf2 0-1

[Event "Scarborough CC Falling Leaves U1700"]
[Site "Toronto CAN"]
[Date "2010.11.04"]
[Round "2"]
[White "Zhang, John"]
[Black "Cui, Gordon"]
[Result "1-0"]
[WhiteElo "1557"]
[BlackElo "1403"]
[PlyCount "119"]
[EventDate "2010.10.28"]
[EventType "swiss"]
[EventRounds "7"]
[EventCountry "CAN"]

1. e4 c5 2. Na3 Nc6 3. Bb5 g6 4. c3 Bg7 5. f4 Nh6 6. Nf3 Qc7 7. d4 a6 8. Bxc6
Qxc6 9. d5 Qc7 10. O-O d6 11. Nc2 O-O 12. Ne3 f5 13. Ng5 Rf6 14. Nc4 fxe4 15.
Nxe4 Rf8 16. Ne3 e6 17. dxe6 Rd8 18. Nd5 Qb8 19. e7 Re8 20. Ndf6+ Bxf6 21.
Nxf6+ Kf7 22. Nxe8 Kxe8 23. Re1 Qc7 24. Qd5 Bd7 25. f5 Bc6 26. Qb3 c4 27. Qxc4
Qb6+ 28. Be3 Qxb2 29. Qe2 Qxe2 30. Rxe2 Nxf5 31. Bf4 Bb5 32. Rae1 Rc8 33. g4
Nh4 34. Re3 Rc4 35. Rf1 g5 36. Bxg5 Rxg4+ 37. Rg3 Rxg3+ 38. hxg3 Bxf1 39. Bxh4
Bb5 40. Kf2 Kf7 41. Ke3 Ke6 42. Kd4 Bc6 43. Kc4 Kd7 44. Kd4 Ke6 45. Ke3 Ke5 46.
a3 d5 47. Kd3 Bb5+ 48. Ke3 Be8 49. Kf3 Bc6 50. Kg4 Bd7+ 51. Kh5 Be8+ 52. Kh6
Kf5 53. Bg5 Bg6 54. Kg7 Ke6 55. Kf8 Kd7 56. g4 b5 57. Bh4 a5 58. Bf2 a4 59. g5
Bh5 60. Bc5 1-0

[Event "Scarborough CC Falling Leaves U1700"]
[Site "Toronto CAN"]
[Date "2010.11.11"]
[Round "3"]
[White "Dattani, Dinesh"]
[Black "Sobiga, Vyravanathan"]
[Result "1-0"]
[WhiteElo "1460"]
[BlackElo "1280"]
[PlyCount "101"]
[EventDate "2010.10.28"]
[EventType "swiss"]
[EventRounds "7"]
[EventCountry "CAN"]

1. e4 c5 2. Nf3 Nc6 3. d4 cxd4 4. Nxd4 Nf6 5. Nc3 d6 6. Be2 e6 7. Be3 Qa5 8.
Nb3 Qd8 9. Qd2 a6 10. O-O-O b5 11. a3 b4 12. axb4 Nxb4 13. Kb1 a5 14. e5 Nfd5
15. Nxd5 Nxd5 16. Bg5 Qc7 17. Bb5+ Bd7 18. Bxd7+ Qxd7 19. exd6 Bxd6 20. c4 Bb4
21. Qd3 Nb6 22. Qe4 Qa7 23. Qc6+ Kf8 24. c5 Nd5 25. Rxd5 exd5 26. Qd6+ Ke8 27.
Re1+ Bxe1 28. Nd4 Qd7 29. Qe5+ Kf8 30. Bh6 f6 31. Qxf6+ Ke8 32. Qe5+ Qe7 33.
Ne6 Rg8 34. Nc7+ Kd8 35. Bg5 Ra7 36. Qxe7+ Kc8 37. Qe6+ Kxc7 38. Qxg8 Bxf2 39.
Qxg7+ Kb8 40. Bf4+ Ka8 41. Qg8+ Kb7 42. Qxd5+ Kc8 43. Qc6+ Kd8 44. Qb6+ Rc7 45.
Qxc7+ Ke8 46. Bd6 Bh4 47. Qb7 h6 48. c6 Bd8 49. Qc8 h5 50. Qe6+ Be7 51. Qxe7#
1-0

[Event "Scarborough CC Falling Leaves U1700"]
[Site "Toronto CAN"]
[Date "2010.11.11"]
[Round "3"]
[White "Graham, John"]
[Black "Thanigasalam, Balamurali"]
[Result "1/2-1/2"]
[WhiteElo "1485"]
[BlackElo "998"]
[PlyCount "118"]
[EventDate "2010.10.28"]
[EventType "swiss"]
[EventRounds "7"]
[EventCountry "CAN"]

1. c4 e5 2. Nc3 g6 3. Nf3 Bg7 4. d4 Nc6 5. dxe5 Nxe5 6. e3 Nxf3+ 7. Qxf3 Bxc3+
8. bxc3 Qf6 9. Qxf6 Nxf6 10. Bb2 c5 11. Rd1 O-O 12. Be2 Rd8 13. O-O Ne8 14. Bf3
Rb8 15. Rfe1 b6 16. e4 Bb7 17. Bc1 f6 18. Bg4 d6 19. Bf4 h5 20. Be6+ Kg7 21.
Bd5 g5 22. Bc1 Nc7 23. f4 Nxd5 24. cxd5 Kg6 25. f5+ Kg7 26. Re3 Re8 27. Rde1
Re7 28. Kf2 Rbe8 29. Kf3 c4 30. Ba3 Rd7 31. Rb1 Kf7 32. Rb4 Rc8 33. Re1 Ke7 34.
Reb1 Kd8 35. Ra4 Ba8 36. Ke3 Ke7 37. Kd4 Rdc7 38. Rbb4 g4 39. Rxc4 Rxc4+ 40.
Rxc4 Rxc4+ 41. Kxc4 Bb7 42. g3 Ba6+ 43. Kd4 Kd7 44. Bc1 Ke7 45. Bf4 Kd7 46. c4
Ke7 47. a4 Kd7 48. Bd2 Ke7 49. a5 Kd7 50. axb6 axb6 51. Kc3 b5 52. cxb5 Bxb5
53. Kd4 Bf1 54. Ke3 Bb5 55. Bb4 Bc4 56. Kf4 Ke7 57. Ke3 Bf1 58. Kd4 Be2 59. Ba3
Bf1 1/2-1/2

[Event "Scarborough CC Falling Leaves U1700"]
[Site "Toronto CAN"]
[Date "2010.11.11"]
[Round "3"]
[White "Liang, Phillip"]
[Black "Thanabalachandran, Kajan"]
[Result "1-0"]
[WhiteElo "1103"]
[BlackElo "1565"]
[PlyCount "55"]
[EventDate "2010.10.28"]
[EventType "swiss"]
[EventRounds "7"]
[EventCountry "CAN"]

1. e4 c5 2. d4 cxd4 3. c3 Nc6 4. cxd4 e6 5. Nf3 d6 6. Bc4 Nf6 7. Nc3 d5 8. exd5
exd5 9. Bd3 Bg4 10. h3 Bh5 11. O-O Nxd4 12. Re1+ Be7 13. Qa4+ Nc6 14. Ne5 Qc7
15. Nb5 Qb6 16. Nd6+ Kf8 17. Nf5 Bc5 18. Be3 Bxe3 19. Rxe3 Qxb2 20. Rae1 d4 21.
Rg3 Nxe5 22. Rxe5 Qc1+ 23. Kh2 Qf4 24. Qb4+ Kg8 25. Ne7+ Kf8 26. Ng6+ Kg8 27.
Qf8+ Rxf8 28. Ne7# 1-0

[Event "Scarborough CC Falling Leaves U1700"]
[Site "Toronto CAN"]
[Date "2010.11.11"]
[Round "3"]
[White "Lin, Benjamin"]
[Black "Stroempl, Hedi"]
[Result "1/2-1/2"]
[WhiteElo "1085"]
[BlackElo "1040"]
[PlyCount "64"]
[EventDate "2010.10.28"]
[EventType "swiss"]
[EventRounds "7"]
[EventCountry "CAN"]

1. c4 e5 2. Nf3 Nc6 3. d3 d6 4. Nc3 h6 5. h3 Nf6 6. e4 Be7 7. Be2 b6 8. O-O O-O
9. Be3 Bb7 10. a3 a5 11. Qd2 Qd7 12. Nd5 Nxd5 13. cxd5 Na7 14. Bxh6 gxh6 15.
Qxh6 Rfe8 16. Ng5 Bxg5 17. Qxg5+ Kf8 18. Qh6+ Ke7 19. a4 Rg8 20. Qh4+ Kf8 21.
Bg4 Qe7 22. Qh6+ Ke8 23. f4 Bc8 24. Bxc8 Rxc8 25. f5 Qf8 26. Qc1 Kd7 27. Qc4 c6
28. dxc6+ Rxc6 29. Qa6 Qa8 30. Rac1 Qb8 31. Rxc6 Nxc6 32. Qb5 Qc7 1/2-1/2

[Event "Scarborough CC Falling Leaves U1700"]
[Site "Toronto CAN"]
[Date "2010.11.11"]
[Round "3"]
[White "Philip, Andrew"]
[Black "Azizi, Hamid"]
[Result "1-0"]
[WhiteElo "1593"]
[BlackElo "1441"]
[PlyCount "49"]
[EventDate "2010.10.28"]
[EventType "swiss"]
[EventRounds "7"]
[EventCountry "CAN"]

1. d4 Nf6 2. Bg5 Ne4 3. Bf4 d5 4. f3 Nd6 5. Nd2 Nc6 6. c3 e6 7. e4 g5 8. Bg3
Bg7 9. Bd3 Nxd4 10. cxd4 Bxd4 11. Qa4+ c6 12. Qxd4 Rg8 13. Ne2 Qe7 14. Qc5 Nf5
15. Qxe7+ Nxe7 16. O-O-O Bd7 17. exd5 cxd5 18. Bxh7 Rc8+ 19. Kb1 Rg7 20. Bd3 f6
21. Rc1 Bc6 22. Nd4 e5 23. Nf5 Nxf5 24. Bxf5 Rgc7 25. Bxc8 1-0

[Event "Scarborough CC Falling Leaves U1700"]
[Site "Toronto CAN"]
[Date "2010.11.11"]
[Round "3"]
[White "Rodriguez, Sergio"]
[Black "Patel, Saiyam"]
[Result "1-0"]
[WhiteElo "847"]
[BlackElo "953"]
[PlyCount "25"]
[EventDate "2010.10.28"]
[EventType "swiss"]
[EventRounds "7"]
[EventCountry "CAN"]

1. e4 d6 2. Bc4 h5 3. h3 Be6 4. Bb3 Nf6 5. Nc3 Nfd7 6. Nf3 Rh6 7. d4 Nf6 8.
Bxh6 gxh6 9. d5 Bd7 10. e5 dxe5 11. Nxe5 c6 12. dxc6 bxc6 13. Bxf7# 1-0

[Event "Scarborough CC Falling Leaves U1700"]
[Site "Toronto CAN"]
[Date "2010.11.11"]
[Round "3"]
[White "Roy, Harrison"]
[Black "Thanabalachandran, Luxiga"]
[Result "1-0"]
[WhiteElo "954"]
[BlackElo "679"]
[PlyCount "101"]
[EventDate "2010.10.28"]
[EventType "swiss"]
[EventRounds "7"]
[EventCountry "CAN"]

1. e4 e5 2. Nf3 Nc6 3. Bb5 a6 4. Bxc6 dxc6 5. Nxe5 Qe7 6. d4 f6 7. Nc4 Qxe4+ 8.
Ne3 Be6 9. O-O Bb4 10. f3 Qg6 11. d5 Bh3 12. dxc6 bxc6 13. Qe2 Bc5 14. Kh1 Bxe3
15. Qxe3+ Ne7 16. gxh3 Kf7 17. Rg1 Qxc2 18. Na3 Qa4 19. b3 Qa5 20. Nc4 Qd5 21.
Qf4 Qd7 22. Ne5+ Ke8 23. Nxd7 Kxd7 24. Ba3 Nd5 25. Qg4+ Ke8 26. Qxg7 Rf8 27.
Rge1+ Kd8 28. Qxf8+ Kd7 29. Qxa8 Nb6 30. Rad1+ Nd5 31. Rxd5+ cxd5 32. Qxd5+ Kc8
33. Qe6+ Kb7 34. Qxf6 Ka7 35. Qf7 Kb7 36. Qxh7 Kb6 37. Bc5+ Kxc5 38. Qxc7+ Kb4
39. Qb6+ Ka3 40. Qxa6+ Kb2 41. Qe2+ Ka3 42. b4 Ka4 43. b5 Ka5 44. Qd2+ Kb6 45.
Re6+ Kxb5 46. Qd5+ Kb4 47. Re4+ Ka3 48. Qd3+ Kb2 49. Re2+ Kc1 50. Qd2+ Kb1 51.
Re1# 1-0